[Event "Tradewise Gibraltar Chess Festival 2014 "]
[Site "The Caleta Hotel - Gibraltar"]
[Date "2014.02.06"]
[Round "10.111"]
[White "Andersen, Daniel"]
[Black "Rygg, Snorre"]
[Result "1-0"]
[WhiteElo "1941"]
[BlackElo "1840"]
[PlyCount "71"]
[EventDate "2014.01.28"]

1. c4 e5 2. Nc3 Nf6 3. Nf3 Nc6 4. e4 d6 5. d4 Bg4 6. d5 Nd4 7. Be3 Nxf3+ 8.
gxf3 Bd7 9. f4 Ng4 10. Bd2 Qh4 11. Qf3 O-O-O 12. h3 Nh6 13. fxe5 dxe5 14. Rg1
f6 15. Be3 Kb8 16. O-O-O g6 17. c5 Bc8 18. Qe2 Nf7 19. f3 Bh6 20. Kb1 Bxe3 21.
Qxe3 Ng5 22. c6 Qf4 23. Qc5 Nxf3 24. cxb7 Bd7 25. d6 Kxb7 26. Qxc7+ Ka8 27. Nb5
Bxb5 28. Bxb5 Qxe4+ 29. Bd3 Qb7 30. Qxb7+ Kxb7 31. Be4+ Kc8 32. Bxf3 f5 33. Be2
e4 34. Bb5 f4 35. d7+ Kc7 36. Rd4 1-0

[Event "Tradewise Gibraltar Chess Festival 2014 "]
[Site "The Caleta Hotel - Gibraltar"]
[Date "2014.02.06"]
[Round "10.112"]
[White "Edakina, Anastasia"]
[Black "Othman, Mustapha"]
[Result "1/2-1/2"]
[WhiteElo "1756"]
[BlackElo "1905"]
[PlyCount "90"]
[EventDate "2014.01.28"]

1. e4 c5 2. Nf3 d6 3. d4 cxd4 4. Nxd4 Nf6 5. Nc3 a6 6. Be2 e5 7. Nb3 Be6 8. O-O
Be7 9. Be3 O-O 10. f3 Nc6 11. Qd2 d5 12. exd5 Nxd5 13. Nxd5 Qxd5 14. Qxd5 Bxd5
15. Bc5 Bxc5+ 16. Nxc5 Nd4 17. Bd3 Rfd8 18. c3 Ne6 19. Nxe6 Bxe6 20. Rfd1 Rd7
21. Kf2 Rad8 22. Ke2 Rxd3 23. Rxd3 Bc4 24. Rad1 f5 25. Ke3 Rxd3+ 26. Rxd3 Bxd3
27. Kxd3 Kf7 28. c4 a5 29. b3 Ke6 30. a3 Kd6 31. b4 axb4 32. axb4 Kc6 33. Kc3
b6 34. Kd3 Kd6 35. Kc3 g5 36. g4 e4 37. fxe4 fxg4 38. Kd4 h5 39. c5+ bxc5+ 40.
bxc5+ Ke6 41. Ke3 h4 42. Kf2 Ke5 43. Kg2 Ke6 44. Kf2 Ke5 45. Kg2 Ke6 1/2-1/2

[Event "Tradewise Gibraltar Chess Festival 2014 "]
[Site "The Caleta Hotel - Gibraltar"]
[Date "2014.02.06"]
[Round "10.114"]
[White "Steenbergen, Pepijn"]
[Black "Olsen, Miriam F"]
[Result "1-0"]
[WhiteElo "1772"]
[BlackElo "1997"]
[PlyCount "77"]
[EventDate "2014.01.28"]

1. e4 c5 2. Nf3 e6 3. d4 cxd4 4. Nxd4 Nc6 5. c4 Nf6 6. Nc3 Bb4 7. Qd3 Ne5 8.
Qg3 d6 9. f4 Nxe4 10. Qe3 Nxc3 11. bxc3 Ng4 12. Qg3 Ba5 13. Bd2 Nf6 14. Bd3 O-O
15. O-O Bb6 16. Kh1 Nh5 17. Qf3 g6 18. Rab1 Ng7 19. Rfd1 f5 20. Bc2 a6 21. Be3
Ba7 22. Rd2 Qc7 23. Qf2 e5 24. Nf3 Bxe3 25. Qxe3 e4 26. Nd4 Rd8 27. Bb3 Kh8 28.
Rbd1 Be6 29. Nxe6 Nxe6 30. Rd5 a5 31. c5 Nxc5 32. Qd4+ Qg7 33. Qxc5 a4 34. Bc2
Rdc8 35. Qd4 Rxc3 36. Bxa4 Qxd4 37. R5xd4 Ra6 38. Bb3 Rcc6 39. Kg1 1-0

[Event "Tradewise Gibraltar Chess Festival 2014 "]
[Site "The Caleta Hotel - Gibraltar"]
[Date "2014.02.06"]
[Round "10.115"]
[White "Kenney, David"]
[Black "Villa Armenta, Enrique"]
[Result "1/2-1/2"]
[WhiteElo "1999"]
[BlackElo "1718"]
[PlyCount "72"]
[EventDate "2014.01.28"]

1. d4 d5 2. Nf3 Nf6 3. e3 Bf5 4. c4 c6 5. Nc3 e6 6. Be2 Bd6 7. O-O Nbd7 8. b3
Ne4 9. Bb2 O-O 10. Rc1 Qf6 11. Nb1 Qh6 12. Ba3 Bc7 13. Bxf8 Rxf8 14. Nbd2 Ndf6
15. Ne5 Nxd2 16. Qxd2 Ne4 17. Qd1 f6 18. Nf3 g5 19. g3 Rf7 20. Nd2 Qh3 21. Bf3
g4 22. Bg2 Qh5 23. cxd5 exd5 24. Ra1 Nc3 25. Qe1 Bd3 26. f4 Bxf1 27. Bxf1 Qf5
28. Qc1 Ne4 29. Nxe4 Qxe4 30. Qd2 Re7 31. Re1 Bb6 32. Bg2 Qe6 33. Kf2 f5 34.
Qc3 Qd6 35. Re2 Qa3 36. Qc2 Rf7 1/2-1/2

[Event "Tradewise Gibraltar Chess Festival 2014 "]
[Site "The Caleta Hotel - Gibraltar"]
[Date "2014.02.06"]
[Round "10.120"]
[White "Neumanova, Monika"]
[Black "Bauer, Dieter"]
[Result "0-1"]
[WhiteElo "1719"]
[BlackElo "1727"]
[PlyCount "86"]
[EventDate "2014.01.28"]

1. d4 Nf6 2. c4 c5 3. d5 b5 4. cxb5 a6 5. bxa6 d6 6. Nc3 Bxa6 7. Nf3 g6 8. e4
Bxf1 9. Kxf1 Bg7 10. g3 O-O 11. Kg2 Nfd7 12. Bd2 Nb6 13. b3 Na6 14. a3 Nc7 15.
Ra2 Qc8 16. Qc2 Qa6 17. Bg5 Rfe8 18. Nd2 h6 19. Be3 Reb8 20. Re1 Nd7 21. Ne2
Qb7 22. h3 Kh7 23. Kh2 Na6 24. Rb1 Rc8 25. f4 Qc7 26. Nc4 Nf6 27. Nc3 Nd7 28.
Bd2 Nb6 29. Nd1 Nxc4 30. Qxc4 Qb7 31. Qc2 Qa7 32. Nc3 c4 33. Kg2 cxb3 34. Qxb3
Nc5 35. Nb5 Nxb3 36. Nxa7 Nxd2 37. Nxc8 Nxb1 38. Nxe7 Rxa3 39. Re2 Nc3 40. Re1
Ra2+ 41. Kf3 Bd4 42. Nc6 Rf2+ 43. Kg4 h5+ 0-1

[Event "Gibraltar Masters TB 2014"]
[Site "Caleta ENG"]
[Date "2014.02.06"]
[Round "2.2"]
[White "Vitiugov, Nikita"]
[Black "Cheparinov, Ivan"]
[Result "1/2-1/2"]
[WhiteElo "2737"]
[BlackElo "2672"]
[PlyCount "114"]
[EventDate "2014.02.06"]

1. d4 Nf6 2. c4 g6 3. Nc3 Bg7 4. e4 d6 5. f3 O-O 6. Nge2 c5 7. d5 e6 8. Ng3
exd5 9. cxd5 a6 10. a4 h5 11. Bg5 Qe8 12. Bd3 Nh7 13. Bf4 Qe7 14. Nge2 Nd7 15.
O-O h4 16. h3 Ne5 17. Bc2 Bd7 18. a5 Rae8 19. Ba4 f5 20. Bxd7 Qxd7 21. exf5
gxf5 22. Ra4 Ng6 23. Bc1 Nf6 24. Bg5 Nh7 25. Bxh4 f4 26. Bf2 Ng5 27. Kh2 Rf5
28. Ng1 Be5 29. Qc2 Kg7 30. Ne4 Rh8 31. Nxg5 Rxg5 32. Re4 Qb5 33. Rb1 Qxa5 34.
b4 cxb4 35. Rexb4 b5 36. Re4 Nh4 37. Bxh4 Rxh4 38. Ne2 Qb6 39. Rf1 b4 40. Nc1
Rh6 41. Qc4 Rhg6 42. Re2 Qb5 43. Qxb5 axb5 44. Nd3 b3 45. Rb1 b2 46. Nxe5 Rxe5
47. Rxe5 dxe5 48. Rxb2 Rb6 49. g4 fxg3+ 50. Kxg3 b4 51. Kg4 Kf6 52. h4 b3 53.
h5 Rb4+ 54. Kg3 Kg5 55. Kf2 Kxh5 56. Ke3 Kg6 57. d6 Kf6 1/2-1/2